| 000 | 01358cam a22003737a 4500 | ||
|---|---|---|---|
| 003 | CHAP | ||
| 005 | 20260219090641.0 | ||
| 008 | 971010s1971 r 00010 d | ||
| 010 | _a65391 | ||
| 011 | _a66363 | ||
| 035 | _a74474 | ||
| 040 | _cCHAP | ||
| 090 | _aTesis | ||
| 100 | 1 | 0 |
_aGonzález López, Guillermo José _949109 |
| 245 | 0 | _aCultivo e industrialización del tabaco oriental o aromático (Nicotina tabacum L.) en los Valles Centrales del Estado de Oaxaca | |
| 260 |
_aChapingo, Méx. : _bEl autor, _c1971 |
||
| 300 |
_a134 h. _b: ilus. |
||
| 502 | _aTesis (Ing. Agr. Esp. en Industrias Agrícolas) -- ENA. Departamento de Industrias Agrícolas | ||
| 590 |
_aALEPH _b10 _c20130110 _lUCH01 _h1356 |
||
| 590 |
_aBATCH-UPD _b10 _c20130110 _lUCH01 _h0834 |
||
| 590 |
_aBATCH-UPD _b10 _c20130410 _lUCH01 _h0512 |
||
| 590 |
_aBATCH-UPD _b10 _c20130914 _lUCH01 _h1949 |
||
| 590 |
_aCONVERSION _b10 _c20130109 _lUCH01 _h1336 |
||
| 650 | 1 | 4 |
_aTabaco _xIndustria. _9111223 |
| 650 | 1 | 4 |
_aTabaco _xOaxaca. _9111233 |
| 901 | _aBK | ||
| 942 | _cFOLL | ||
| 949 |
_bBC _cTES _d-51523 _eTS1 _i74474 _si |
||
| 949 |
_bBC _cTES _d-51524 _eTS2 _fc.2 _i74474 _si |
||
| 949 |
_bBC _cTES _d33724002013298 _eTS2 _fc.3 _i74474 _si |
||
| 949 |
_bIA _cTESBD _d-51519 _eTS2 _fc.2 _i74474 _si |
||
| 949 |
_bIA _cTESBD _d-51521 _eTS2 _fc.3 _i74474 _si |
||
| 949 |
_bIA _cTESBD _d-7344 _eTS1 _i74474 _si |
||
| 999 |
_c65391 _d65391 |
||